Czars in Gandhi Caps: (Record no. 211933)

MARC details
000 -LEADER
fixed length control field 00604nam a22001937a 4500
005 - DATE AND TIME OF LATEST TRANSACTION
control field 20250624154008.0
010 ## - LCCN (DPL NO)
LC control number ENG-145565
020 ## - INTERNATIONAL STANDARD BOOK NUMBER
Terms of availability 595.00
035 ## - SYSTEM CONTROL NUMBER
System control number EN-129097
037 ## - SOURCE OF ACQUISITION
Source of stock number/acquisition DBAD
082 ## - DEWEY DECIMAL CLASSIFICATION NUMBER
Classification number 364.13230954
Edition number 1
Item number 1
100 ## - MAIN ENTRY--PERSONAL NAME
Personal name Parekh, Ramnik
245 ## - TITLE STATEMENT
Title Czars in Gandhi Caps:
Remainder of title India- Abused and Corrupted/
Statement of responsibility, etc Ramnik Parekh
250 ## - EDITION STATEMENT
Edition statement 1
260 ## - PUBLICATION, DISTRIBUTION, ETC. (IMPRINT)
Place of publication, distribution, etc Mumbai
Name of publisher, distributor, etc Vakils, Feffer and Simon PVT. LTD.
Date of publication, distribution, etc 2015
270 ## - ADDRESS
Address Industry Manor 2nd flor Marathe Marg Prabhadevi
City Mumbai
Postal code 400025
300 ## - PHYSICAL DESCRIPTION
Extent 321p.
Dimensions 22cm.(pb)
942 ## - ADDED ENTRY ELEMENTS (KOHA)
Source of classification or shelving scheme Dewey Decimal Classification
Item type English Books
Classification part 364.13230954
Call number suffix PAR
Edition 1
Holdings
Withdrawn status Lost status Not for loan Collection code Home library Current library Date acquired Source of acquisition Cost, normal purchase price Full call number Barcode Copy number Cost, replacement price Koha item type
    Not For Loan Non-fiction D.B.Act.Division D.B.Act.Division 24/06/2025 DBAD 595.00 364.13230954 PAR EN-129097 1 595.00 English Books

© Delhi Public Library
Hit Counter
free hit counter